Dog

Bibliographic Details
Main Author: Clutton-Brock, Juliet
Format: Book
Published: London : Dorling Kindersley , 1991
Subjects:

MARC

LEADER 00000cam a2200000 7i4500
001 0000005861
002 000006333
005 20000330.0
020 |a 0863186475 
090 0 0 |a 001   |b EYE 
100 0 |a Clutton-Brock, Juliet 
245 1 0 |a Dog   |c Juliet Clutton-Brock 
260 |a London :   |b Dorling Kindersley ,   |c 1991 
300 |a 64p. ;   |c 28cm. 
650 0 0 |a Dogs 
999 |a 031071   |b BUKU   |c RUJUKAN   |e PERPUSTAKAAN KOMUNITI PETALING JAYA